000 00397nam a22001457a 4500
008 150114b xxu||||| |||| 00| 0 eng d
050 _aQA248.H353 1957
100 _aHausdorff, Felix
_913922
245 _aSet Theory
_cFelix Hausdorff
250 _a2nd.
260 _aUSA
_bChelsea Publishing Company
_c1957
300 _a352p. ;
_c24cm.
650 _aSet theory
_913923
942 _2lcc
_cMONOGRAPH
999 _c121655
_d121655